[Event "ch-ISR"]
[Site "Haifa ISR"]
[Date "2010.11.15"]
[Round "6.15"]
[White "Prozhanski, Genrik"]
[Black "Shevelev, Arkady"]
[Result "1-0"]
[BlackTitle "IM"]
[WhiteElo "2342"]
[BlackElo "2315"]
[WhiteFideId "2802767"]
[BlackFideId "2802163"]
[EventDate "2010.11.08"]
[EventType "swiss"]

1. d4 Nf6 2. c4 c5 3. d5 b5 4. cxb5 a6 5. bxa6 Bxa6 6. Nc3 d6 7. g3 g6 8. Bg2
Bg7 9. Nf3 O-O 10. O-O Nbd7 11. Rb1 Qa5 12. Bd2 Rfb8 13. Qc2 Bc8 14. b3 Qa3 15.
Bc1 Qa5 16. Bb2 Nb6 17. Nd2 Ne8 18. a4 Nc7 19. Ba1 Bd7 20. Rfc1 Na6 21. Na2 Bxa1
22. Rxa1 Nb4 23. Nxb4 Qxb4 24. Qc3 Nc8 25. Qe3 Qa5 26. Rc4 Rb4 27. Rac1 Nb6 28.
Rxb4 Qxb4 29. h4 h5 30. Nc4 Nc8 31. Bf3 Rb8 32. Rc3 Nb6 33. Nxb6 Rxb6 34. Qxe7
Qxc3 35. Qd8+ Kg7 36. Qxb6 Bg4 37. Qxd6 Qxb3 38. Qxc5 Qxa4 39. Bxg4 hxg4 40. d6
Qd1+ 41. Kg2 Qxe2 42. Qd4+ 1-0

[Event "ch-ISR"]
[Site "Haifa ISR"]
[Date "2010.11.16"]
[Round "7.1"]
[White "Berkovich, Mark A"]
[Black "Mikhalevski, Victor"]
[Result "1/2-1/2"]
[WhiteTitle "IM"]
[BlackTitle "GM"]
[WhiteElo "2392"]
[BlackElo "2602"]
[WhiteFideId "2801639"]
[BlackFideId "2801914"]
[EventDate "2010.11.08"]
[EventType "swiss"]

1. e4 e5 2. Nf3 Nc6 3. Nc3 Nf6 4. Bb5 Bd6 5. d4 exd4 6. Nxd4 Nxd4 7. Qxd4 Qe7 8.
O-O O-O 9. Nd5 Nxd5 10. exd5 c5 11. Qe3 Be5 12. c3 d6 13. f4 Bf6 14. Qxe7 Bxe7 1/2-1/2

[Event "ch-ISR"]
[Site "Haifa ISR"]
[Date "2010.11.16"]
[Round "7.3"]
[White "Tseitlin, Mark D"]
[Black "Nabaty, Tamir"]
[Result "1/2-1/2"]
[WhiteTitle "GM"]
[BlackTitle "IM"]
[WhiteElo "2415"]
[BlackElo "2529"]
[WhiteFideId "2800128"]
[BlackFideId "2809052"]
[EventDate "2010.11.08"]
[EventType "swiss"]

1. e4 e5 2. Nf3 Nc6 3. Bb5 Nf6 4. O-O Bc5 5. Nxe5 Nxe4 6. Qe2 Nxe5 7. d4 Qe7 8.
dxc5 Nxc5 9. Nc3 Ng6 10. Be3 Ne6 11. f4 f5 12. g4 O-O 13. gxf5 Rxf5 14. Bd3 Nh4
15. Ne4 d5 16. Ng3 Nc5 17. Nxf5 Bxf5 18. Bxc5 Qxc5+ 19. Qf2 Qxf2+ 20. Kxf2 Bxd3
21. cxd3 Nf5 22. Rfe1 Rd8 23. Re5 g6 24. Rc1 c6 25. b4 a6 26. a4 Kf7 27. b5 axb5
28. axb5 Nd4 29. bxc6 bxc6 30. Ke3 Nf5+ 31. Kd2 Nd4 32. Ke3 Nf5+ 33. Kf2 Nd4 1/2-1/2

[Event "ch-ISR"]
[Site "Haifa ISR"]
[Date "2010.11.16"]
[Round "7.4"]
[White "Postny, Evgeny"]
[Black "Zaslavsky, Mikhail"]
[Result "1/2-1/2"]
[WhiteTitle "GM"]
[BlackTitle "IM"]
[WhiteElo "2604"]
[BlackElo "2424"]
[WhiteFideId "2804344"]
[BlackFideId "2807670"]
[EventDate "2010.11.08"]
[EventType "swiss"]

1. d4 Nf6 2. c4 g6 3. f3 Nc6 4. d5 Ne5 5. e4 d6 6. Ne2 Bg7 7. Nec3 c6 8. Be2 Qb6
9. Na4 Qc7 10. Na3 O-O 11. Be3 Bd7 12. O-O cxd5 13. cxd5 Qa5 14. Nc3 g5 15. Qd2
h6 16. Rab1 Rfc8 17. Rfc1 a6 18. b4 Qd8 19. b5 axb5 20. Ncxb5 Rxc1+ 21. Rxc1 Qa5
22. Rc2 Qxd2 23. Bxd2 Bxb5 24. Nxb5 Nfd7 25. Be3 b6 26. Nd4 Nc5 27. Nf5 Bf8 28.
Kf1 Ra3 29. Bc1 Ra4 30. Bd2 e6 31. Ne3 Ned3 32. Nc4 b5 33. Nb6 Ra6 34. Nd7 Ra3
35. Bxd3 Rxd3 36. dxe6 fxe6 37. Nxf8 Kxf8 38. Bb4 Na6 39. Be1 Ra3 40. Rb2 b4 41.
e5 dxe5 42. Rxb4 Rxa2 43. Rb7 Rc2 44. Ba5 Rc5 45. Bd8 Ke8 46. Bf6 Nc7 47. Bxe5
Nd5 48. Rb3 Rc1+ 49. Ke2 Rc2+ 50. Kf1 Rc1+ 51. Ke2 Rc2+ 52. Kf1 1/2-1/2

[Event "ch-ISR"]
[Site "Haifa ISR"]
[Date "2010.11.16"]
[Round "7.5"]
[White "Gruenfeld, Yehuda"]
[Black "Sorin, Michael"]
[Result "1-0"]
[WhiteTitle "GM"]
[WhiteElo "2469"]
[BlackElo "2204"]
[WhiteFideId "2800020"]
[BlackFideId "2805030"]
[EventDate "2010.11.08"]
[EventType "swiss"]

1. e4 c5 2. Nf3 Nc6 3. d4 cxd4 4. Nxd4 e5 5. Nb5 d6 6. c4 Be7 7. N1c3 a6 8. Na3
Be6 9. Be2 Bg5 10. O-O Bxc1 11. Rxc1 Nf6 12. Nc2 O-O 13. Qd2 Rc8 14. h3 Qb6 15.
Rfd1 Rfd8 16. Bf1 Ne7 17. Ne3 Nc6 18. b3 Nd4 19. Nc2 Nxc2 20. Rxc2 h6 21. Qe1
Qc6 22. Rcc1 Qc7 23. Qe2 Qa5 24. Qd3 Nh5 25. g3 Qc5 26. Bg2 Nf6 27. Re1 Bd7 28.
Rcd1 Qa5 29. a4 b5 30. axb5 axb5 31. Nxb5 Bxb5 32. cxb5 Rc3 33. Qd2 Qb4 34. Re3
Rxb3 35. Rxb3 Qxb3 36. Qd3 Qxd3 37. Rxd3 Rb8 38. Rb3 Rb6 39. Rb4 Kf8 40. Bf1 d5
41. exd5 Nxd5 42. Rc4 Ke7 43. Rc8 Rb7 44. Rc5 Kd6 45. Rc6+ Kd7 46. Bc4 Nb4 47.
Rc5 f6 48. Kg2 Rc7 49. Rxc7+ Kxc7 50. Kf3 Kd6 51. Ke4 g6 52. g4 h5 53. gxh5 f5+
54. Kf3 gxh5 55. Kg3 Kc5 56. Bf1 f4+ 57. Kh4 e4 58. Kxh5 Nd3 59. f3 Nf2 60. h4
e3 61. Kg5 Nh3+ 62. Kg4 Ng1 63. h5 1-0

[Event "ch-ISR"]
[Site "Haifa ISR"]
[Date "2010.11.16"]
[Round "7.7"]
[White "Kantarji, Pinchas"]
[Black "Pasman, Michael"]
[Result "1-0"]
[WhiteTitle "FM"]
[BlackTitle "FM"]
[WhiteElo "2363"]
[BlackElo "2366"]
[WhiteFideId "2803712"]
[BlackFideId "2800500"]
[EventDate "2010.11.08"]
[EventType "swiss"]

1. d4 Nf6 2. Nf3 e6 3. g3 c5 4. Bg2 cxd4 5. Nxd4 d5 6. O-O e5 7. Nb3 Be6 8. Bg5
Nbd7 9. Nc3 Be7 10. Qd3 d4 11. Bxf6 Bxf6 12. Ne4 Be7 13. c3 f5 14. Ned2 dxc3 15.
Qxc3 Rc8 16. Qe3 b6 17. Nd4 Bc5 18. Nxe6 Bxe3 19. Nxd8 Bxd2 20. Nc6 e4 21. Nd4
g6 22. g4 fxg4 23. Bxe4 Nf6 24. Bg2 O-O 25. e3 Rfe8 26. Rfd1 Bb4 27. Nc6 Bf8 28.
b4 a6 29. a3 Rc7 30. Rd4 Re6 31. Nd8 Rd6 32. Rxd6 Bxd6 33. Nc6 Kf7 34. Rd1 Rd7
35. Rc1 a5 36. bxa5 bxa5 37. a4 Bc7 38. Bf1 Rd2 39. Rb1 Rc2 40. Nd4 Rc5 41. Rb7
Ne8 42. Nb3 Re5 43. Kg2 Ke7 44. Bb5 Kd8 45. Ra7 Nd6 46. Ra8+ Ke7 47. Nxa5 Rh5
48. Ra7 Kd8 49. Nc6+ Kc8 50. Ba6+ Kd7 51. Nd4 Nc8 52. Bb5+ Kd6 53. Ra6+ Ke7 54.
Re6+ Kf7 55. Rc6 Be5 56. Rxc8 Rxh2+ 57. Kg1 g3 58. Nf3 gxf2+ 59. Kf1 Rh1+ 60.
Kg2 1-0

[Event "ch-ISR"]
[Site "Haifa ISR"]
[Date "2010.11.16"]
[Round "7.8"]
[White "Vydeslaver, Alik"]
[Black "Shachar, Ehud"]
[Result "1-0"]
[WhiteTitle "IM"]
[BlackTitle "FM"]
[WhiteElo "2388"]
[BlackElo "2370"]
[WhiteFideId "2801876"]
[BlackFideId "2802198"]
[EventDate "2010.11.08"]
[EventType "swiss"]

1. e4 e6 2. d4 d5 3. Nd2 Nf6 4. e5 Nfd7 5. Bd3 c5 6. c3 Nc6 7. Ne2 cxd4 8. cxd4
f6 9. exf6 Nxf6 10. O-O Bd6 11. Nf3 Qc7 12. Nc3 a6 13. Bg5 O-O 14. Bh4 Nh5 15.
Re1 g6 16. Rc1 Qg7 17. Bf1 Bd7 18. Bg5 h6 19. Be3 Rf7 20. g3 Raf8 21. Bg2 Kh8
22. a3 Bb8 23. Na4 Be8 24. Nc5 Re7 25. Nd3 Nf6 26. Nfe5 Nxe5 27. dxe5 Nd7 28.
Bd4 Kh7 29. Qe2 Rg8 30. Rc8 Bf7 31. Rxg8 Qxg8 32. h4 Bc7 33. Qe3 Nb8 34. Bb6 Nc6
35. Bxc7 Rxc7 36. Qb6 Re7 37. Qc5 Qd8 38. f4 Rd7 39. Rc1 Qe7 40. b4 g5 41. Qxe7
Rxe7 42. hxg5 hxg5 43. Bh3 gxf4 44. gxf4 Bg6 45. Nc5 Nd4 46. Kf2 Bf5 47. Ke3
Nc2+ 48. Rxc2 Bxc2 49. Nxe6 Kg6 50. Nd4 Be4 51. f5+ Kf7 52. Kf4 Re8 53. Ne6 Rh8
54. Bg4 Bb1 55. Ng5+ Ke8 56. f6 Bg6 57. e6 d4 58. Nf3 Rf8 59. Kg5 Bh7 60. Bh5+ 1-0

[Event "ch-ISR"]
[Site "Haifa ISR"]
[Date "2010.11.16"]
[Round "7.9"]
[White "Aharon, Ofir"]
[Black "Zanan, Evgeny"]
[Result "0-1"]
[BlackTitle "FM"]
[WhiteElo "2264"]
[BlackElo "2207"]
[WhiteFideId "2800683"]
[BlackFideId "24101940"]
[EventDate "2010.11.08"]
[EventType "swiss"]

1. e4 c5 2. Nf3 d6 3. d4 cxd4 4. Nxd4 Nf6 5. Nc3 a6 6. h3 Nc6 7. g4 Nxd4 8. Qxd4
e5 9. Qe3 h6 10. Bg2 Be6 11. Bd2 Be7 12. O-O O-O 13. Rfd1 Rc8 14. Rac1 Nd7 15.
Qg3 b5 16. b3 Qb6 17. h4 b4 18. Na4 Qb8 19. g5 hxg5 20. hxg5 Rfd8 21. c4 bxc3
22. Nxc3 Nf8 23. Nd5 Bxd5 24. exd5 Qb5 25. Be4 g6 26. Kg2 Nd7 27. Qh3 Rxc1 28.
Rxc1 Bf8 29. Be3 Qb7 30. Rc6 Rc8 31. Qg4 Be7 32. Qd1 Nb8 33. Rb6 Qc7 34. Bf3 Re8
35. Bg4 a5 36. Qc1 Qd8 37. Qc4 Bxg5 38. Rxb8 Qxb8 39. Bxg5 f5 40. Be2 Rc8 41.
Qh4 Rc7 42. Qa4 Qc8 43. Qxa5 f4 44. Qb6 Qd7 45. Bf3 e4 46. Bd1 f3+ 47. Kf1 Rc5
48. Qd8+ Qxd8 49. Bxd8 Rc1 50. Ke1 e3 51. fxe3 f2+ 52. Kxf2 Rxd1 53. a4 Rxd5 54.
b4 Kf7 55. Ke2 Ke8 56. Bf6 Rf5 57. Bd4 Kd7 58. Kd3 g5 59. b5 g4 60. e4 Rf1 61.
Ke2 Rb1 62. Bc3 Rb3 63. Be1 g3 64. a5 g2 65. Kf2 Rb2+ 66. Kg1 Rb1 0-1

[Event "ch-ISR"]
[Site "Haifa ISR"]
[Date "2010.11.16"]
[Round "7.10"]
[White "Reshef, Omer"]
[Black "Sheskin, Matan"]
[Result "1-0"]
[WhiteElo "2015"]
[BlackElo "2252"]
[WhiteFideId "2804336"]
[BlackFideId "2809435"]
[EventDate "2010.11.08"]
[EventType "swiss"]

1. e4 e5 2. Nf3 Nf6 3. Nc3 Nc6 4. Bb5 Bc5 5. O-O O-O 6. d3 d6 7. h3 a6 8. Bxc6
bxc6 9. Bg5 h6 10. Bh4 g5 11. Bg3 Rb8 12. Na4 Ba7 13. c4 Nh5 14. Bh2 Nf4 15. d4
f6 16. Rc1 Qe8 17. c5 Qh5 18. cxd6 cxd6 19. Rxc6 Nxg2 20. Rxc8 Qxh3 21. Rc3 Nf4
22. Bxf4 gxf4 23. Nxe5 Qh4 24. Qg4+ Qxg4+ 25. Nxg4 Kh8 26. Kh2 Bxd4 27. Rh3 Rf7
28. Nxh6 Rh7 29. Nf7+ Kg8 30. Rg1+ Rg7 31. Rh8+ 1-0

[Event "ch-ISR"]
[Site "Haifa ISR"]
[Date "2010.11.16"]
[Round "7.11"]
[White "Porat, Maya"]
[Black "Kudischewitsch, David"]
[Result "1/2-1/2"]
[BlackTitle "IM"]
[WhiteElo "2257"]
[BlackElo "2366"]
[WhiteFideId "2808072"]
[BlackFideId "4111893"]
[EventDate "2010.11.08"]
[EventType "swiss"]

1. d4 d5 2. c4 dxc4 3. Nf3 Nf6 4. e3 e6 5. Bxc4 a6 6. Bb3 c5 7. O-O Nc6 8. Qe2
cxd4 9. Rd1 Be7 10. exd4 O-O 11. Nc3 Nb4 12. Bg5 Re8 13. Rac1 Nfd5 14. Bxe7 Rxe7
15. a3 Nxc3 16. bxc3 Nd5 17. c4 Nf6 18. Ne5 Bd7 19. Qf3 Be8 20. c5 Qc7 21. Nc4
Bc6 22. Qg3 Rd8 23. Qxc7 Rxc7 24. Nb6 Kf8 25. f3 Nd5 26. Bxd5 Bxd5 27. Kf2 Bc6
28. Ke3 Ke7 29. Rd2 Bd5 1/2-1/2

[Event "ch-ISR"]
[Site "Haifa ISR"]
[Date "2010.11.16"]
[Round "7.12"]
[White "Kataev, Simcho"]
[Black "Galburd, Yan"]
[Result "0-1"]
[WhiteTitle "FM"]
[WhiteElo "2281"]
[BlackElo "2322"]
[WhiteFideId "4106644"]
[BlackFideId "2808528"]
[EventDate "2010.11.08"]
[EventType "swiss"]

1. c4 g6 2. Nc3 Bg7 3. g3 d6 4. Bg2 e5 5. e4 Nc6 6. Nge2 h5 7. h4 Bg4 8. f3 Be6
9. d3 Qd7 10. Bg5 Bh6 11. Qd2 Bxg5 12. hxg5 O-O-O 13. Nd5 Rf8 14. O-O-O f6 15.
b3 Qd8 16. gxf6 Nxf6 17. Kb2 Nd7 18. Rh2 Kb8 19. Qe3 Nc5 20. d4 exd4 21. Nxd4
Nxd4 22. Qxd4 Qg5 23. Nxc7 Qxg3 24. Nxe6 Nxe6 25. Qxd6+ Qxd6 26. Rxd6 Re8 27.
Kc3 Rhf8 28. c5 Kc7 29. b4 b6 30. Kc4 Re7 31. b5 bxc5 32. Rc6+ Kb8 33. a4 Rd8
34. a5 Rd2 35. a6 Rc2+ 36. Kd3 Rb2 37. Bh3 Rxh2 38. Bxe6 Re8 39. Bd5 Rg2 40. Rf6
Kc7 41. Ke3 Rb2 42. Rxg6 Rxb5 43. f4 Rb1 44. Rc6+ Kd8 45. f5 Rf1 46. Be6 h4 47.
Rc8+ Ke7 48. Rxc5 h3 49. Rc7+ Kf6 50. Rh7 Ke5 51. Rxh3 Re1+ 52. Kd3 Rd8+ 53. Kc3
Rxe4 54. Rh7 Re3+ 55. Kc4 Ra8 56. Kb5 Rc3 57. Rd7 Rc1 58. Rd5+ Kf6 59. Rd7 Rb1+
60. Ka5 Rab8 61. Rb7 R8xb7 62. axb7 Rxb7 63. Ka6 Rc7 64. Kb5 Ke5 65. Ka6 Kd6 66.
Ba2 Rc1 67. Be6 Ra1+ 68. Kb5 Ra3 69. Kb4 Ra6 70. Bc4 Rb6+ 71. Kc3 Kc5 72. Bb3 a5
73. Ba4 Rb4 74. Bd7 Rd4 75. Be6 Rf4 76. Kd3 Kd6 77. Kc3 a4 78. Kd3 Rb4 79. Kc3
Rb6 80. Ba2 Ke5 0-1

[Event "ch-ISR"]
[Site "Haifa ISR"]
[Date "2010.11.16"]
[Round "7.13"]
[White "Krayz, Alexander"]
[Black "Birnboim, Nathan"]
[Result "1-0"]
[WhiteTitle "IM"]
[BlackTitle "IM"]
[WhiteElo "2339"]
[BlackElo "2387"]
[WhiteFideId "2802066"]
[BlackFideId "2800209"]
[EventDate "2010.11.08"]
[EventType "swiss"]

1. e4 e6 2. d4 b6 3. Bd3 d5 4. Nf3 Bb7 5. e5 Qd7 6. Nbd2 Ne7 7. c3 c5 8. a3 Ba6
9. Bc2 Ng6 10. Nf1 cxd4 11. cxd4 Nc6 12. Bd3 Bxd3 13. Qxd3 f6 14. exf6 gxf6 15.
Ng3 Bd6 16. Nh5 O-O 17. Bh6 Rf7 18. O-O Nce7 19. Rac1 Nf5 20. Qd2 Kh8 21. Rc3
Rg8 22. Rfc1 e5 23. dxe5 fxe5 24. Bg5 Qe6 25. Rc6 e4 26. Qc3+ Ne5 27. Rxd6 Nxd6
28. Nxe5 Rfg7 29. Bf6 1-0

[Event "ch-ISR"]
[Site "Haifa ISR"]
[Date "2010.11.16"]
[Round "7.14"]
[White "Axelrod, Arie"]
[Black "Prozhanski, Genrik"]
[Result "1-0"]
[WhiteTitle "FM"]
[WhiteElo "2386"]
[BlackElo "2342"]
[WhiteFideId "2804867"]
[BlackFideId "2802767"]
[EventDate "2010.11.08"]
[EventType "swiss"]

1. d4 Nf6 2. Bf4 c5 3. d5 g6 4. Nc3 Bg7 5. e4 O-O 6. Nf3 d6 7. Nd2 a6 8. a4 e5
9. Bg5 h6 10. Bh4 Qc7 11. Be2 Nh7 12. O-O Kh8 13. Nc4 f5 14. exf5 gxf5 15. f4 e4
16. a5 Bf6 17. Bf2 Nd7 18. Na4 Rg8 19. Ra3 Ndf8 20. Rh3 Rb8 21. Kh1 Ng6 22. Rxh6
Qg7 23. Rh3 Nxf4 24. Rg3 Ng6 25. Bh5 Bg5 26. Be1 Qe7 27. Bc3+ Ne5 28. Nxe5 dxe5
29. d6 Qg7 30. Qd5 f4 31. Bxe5 Nf6 32. Bxf6 Qxf6 33. d7 Bxd7 34. Qxd7 Rg7 35.
Qd5 Rd8 36. Qxc5 Rd2 37. Nc3 Rxc2 38. Bd1 Rc1 39. Rh3+ Bh6 40. Nxe4 Qxb2 41.
Rxh6+ Kg8 42. Bb3+ 1-0

[Event "ch-ISR"]
[Site "Haifa ISR"]
[Date "2010.11.16"]
[Round "7.15"]
[White "Givon, Asaf"]
[Black "Rinberg, Alexander"]
[Result "1/2-1/2"]
[BlackTitle "FM"]
[WhiteElo "2226"]
[BlackElo "2302"]
[WhiteFideId "2801841"]
[BlackFideId "14102510"]
[EventDate "2010.11.08"]
[EventType "swiss"]

1. e4 c5 2. Nf3 e6 3. d4 cxd4 4. Nxd4 Nf6 5. Nc3 d6 6. Be2 a6 7. O-O Be7 8. f4
Qc7 9. Kh1 O-O 10. a4 Nc6 11. Be3 Re8 12. Bf3 Nxd4 13. Qxd4 e5 14. Qd2 exf4 15.
Bxf4 Be6 16. Rfd1 Rad8 17. a5 Ng4 18. Bxg4 Bxg4 19. Nd5 Qd7 20. Re1 Bh5 21. c4
Bh4 22. Re3 Bg6 23. Qe2 h6 24. b3 Bg5 25. Rd1 Re6 26. g3 Rde8 27. Rd4 Qd8 28. b4
Bf6 29. Nxf6+ Qxf6 30. Qd3 Bh7 31. Kg1 g5 32. Bxd6 Bxe4 33. Rexe4 Rxe4 34. Rxe4
Rxe4 35. Qxe4 Qxd6 36. Qxb7 Qd4+ 37. Kg2 Qxc4 38. b5 Qe2+ 39. Kg1 Qe1+ 40. Kg2 1/2-1/2

[Event "ch-ISR"]
[Site "Haifa ISR"]
[Date "2010.11.16"]
[Round "7.16"]
[White "Shevelev, Arkady"]
[Black "Mamut, Igor"]
[Result "1/2-1/2"]
[WhiteTitle "IM"]
[WhiteElo "2315"]
[BlackElo "2229"]
[WhiteFideId "2802163"]
[BlackFideId "2803020"]
[EventDate "2010.11.08"]
[EventType "swiss"]

1. e4 e5 2. Nf3 Nc6 3. Nc3 Nge7 4. d4 exd4 5. Nxd4 Nxd4 6. Qxd4 Nc6 7. Qd1 Bb4
8. Bd2 O-O 9. Bd3 Ne5 10. Be2 d6 11. f4 Nd7 12. Nd5 Bc5 13. b4 c6 14. bxc5 cxd5
15. cxd6 dxe4 16. Be3 Qa5+ 17. Qd2 Qxd2+ 18. Bxd2 Nf6 19. Rd1 Be6 20. c4 b6 21.
Be3 Rac8 22. Rd4 Rfd8 23. O-O Bf5 24. h3 h5 25. Rfd1 Rd7 26. Bf2 g6 27. Bh4 Kg7
28. Bxf6+ Kxf6 29. g4 hxg4 30. hxg4 Be6 31. Rxe4 Rc5 32. Rd2 Rd8 33. Red4 Kg7
34. Kf2 Kf8 35. Kg3 Ke8 36. Bd3 Kd7 37. Re2 Re8 38. Bc2 Ra5 39. Bb3 Rd8 40. Re5
Kc6 41. Rxa5 bxa5 42. f5 gxf5 43. gxf5 Bxf5 44. Ba4+ Kb6 45. Rd5 Bd7 46. c5+ Kb7
47. Bxd7 Rxd7 48. Kf4 Kc6 49. Ke5 a4 50. Kd4 Rb7 51. Rf5 a3 52. Rf3 Rb4+ 53. Ke5
Rb7 54. Rxa3 Rb2 55. Rxa7 Kxc5 56. Rc7+ Kb6 57. Rxf7 Rxa2 58. Ke6 Re2+ 59. Kd7
Rh2 60. Ke7 Rh8 61. Kd7 Rh6 62. Rg7 Rh8 63. Ke6 Rh1 64. Rf7 Re1+ 65. Kd7 Rh1 66.
Rf2 Rh7+ 67. Ke6 Rh6+ 68. Rf6 Rh1 69. Rf5 Kc6 1/2-1/2

[Event "ch-ISR"]
[Site "Haifa ISR"]
[Date "2010.11.17"]
[Round "8.2"]
[White "Mikhalevski, Victor"]
[Black "Kantarji, Pinchas"]
[Result "0-1"]
[WhiteTitle "GM"]
[BlackTitle "FM"]
[WhiteElo "2602"]
[BlackElo "2363"]
[WhiteFideId "2801914"]
[BlackFideId "2803712"]
[EventDate "2010.11.08"]
[EventType "swiss"]

1. d4 d5 2. c4 e6 3. Nf3 c6 4. g3 Nf6 5. Bg2 Nbd7 6. Qc2 Bd6 7. O-O O-O 8. Nbd2
c5 9. b3 cxd4 10. Nxd4 Bc5 11. e3 Nb6 12. Bb2 Bd7 13. N4f3 Rc8 14. Ng5 g6 15.
Qc3 Be7 16. f4 h6 17. Nge4 dxe4 18. Nxe4 e5 19. Qxe5 Rc6 20. Rad1 Re6 21. Qc3
Qe8 22. f5 Rxe4 23. Bxe4 Bc6 24. Rd6 Nbd7 25. Bxc6 bxc6 26. Rxc6 Kh7 27. e4 Bd8
28. Re1 Rg8 29. Rd6 gxf5 30. exf5 Qf8 31. Qd3 Bb6+ 32. Kg2 Nc5 33. Qd1 Nfe4 34.
Rd5 Qb8 35. Qh5 Rxg3+ 36. Kf1 Qf4+ 37. Ke2 Rg2+ 38. Kd1 Rd2+ 39. Kc1 Rxh2+ 40.
Kb1 Rxh5 0-1

[Event "ch-ISR"]
[Site "Haifa ISR"]
[Date "2010.11.17"]
[Round "8.3"]
[White "Nabaty, Tamir"]
[Black "Gruenfeld, Yehuda"]
[Result "1-0"]
[WhiteTitle "IM"]
[BlackTitle "GM"]
[WhiteElo "2529"]
[BlackElo "2469"]
[WhiteFideId "2809052"]
[BlackFideId "2800020"]
[EventDate "2010.11.08"]
[EventType "swiss"]

1. e4 c6 2. d4 d5 3. f3 e6 4. Nc3 Bb4 5. Bd2 Ne7 6. Nce2 Bxd2+ 7. Qxd2 Nd7 8. e5
c5 9. c3 Qa5 10. f4 Nc6 11. Nf3 Nb6 12. b3 cxd4 13. cxd4 Qxd2+ 14. Kxd2 Bd7 15.
Nc3 a6 16. Bd3 Ke7 17. Rac1 h6 18. g4 f6 19. Ne2 Raf8 20. Ke3 Kd8 21. h4 Nc8 22.
Ng3 N8e7 23. Nh5 Rf7 24. Rcg1 fxe5 25. fxe5 Rhf8 26. Ne1 Nxd4 27. Kxd4 Nc6+ 28.
Kc3 Nxe5 29. g5 Be8 30. Be2 Rc7+ 31. Kd2 Rf2 32. Rg2 Rf8 33. Rhg1 Nc6 34. Nc2 e5
35. gxh6 gxh6 36. Rg8 Rcf7 37. Ne3 Nd4 38. Bd1 Rf2+ 1-0

[Event "ch-ISR"]
[Site "Haifa ISR"]
[Date "2010.11.17"]
[Round "8.4"]
[White "Tseitlin, Mark D"]
[Black "Berkovich, Mark A"]
[Result "1/2-1/2"]
[WhiteTitle "GM"]
[BlackTitle "IM"]
[WhiteElo "2415"]
[BlackElo "2392"]
[WhiteFideId "2800128"]
[BlackFideId "2801639"]
[EventDate "2010.11.08"]
[EventType "swiss"]

1. e4 c5 2. Nf3 g6 3. d4 cxd4 4. Qxd4 Nf6 5. e5 Nc6 6. Qa4 Nd5 7. Qe4 Nb6 8. Nc3
d6 9. Bb5 Bg7 10. Bxc6+ bxc6 11. Qxc6+ Bd7 12. Qe4 Bf5 13. Qe2 O-O 14. O-O dxe5
15. Nxe5 Rc8 16. Bf4 Nd5 17. Nxd5 Qxd5 18. c3 f6 19. Nf3 e5 20. Rfd1 Qf7 21. Be3
g5 22. Rd6 Rc7 23. Qd2 h6 24. b3 Bc8 25. b4 f5 26. Bc5 Kh7 27. Rd1 e4 28. Nd4
Qc4 29. Qe2 Qxe2 30. Nxe2 Rff7 31. Nd4 Bd7 32. Ra6 f4 33. Re1 Bxd4 34. Bxd4 Bb5
35. Re6 Bd3 36. a4 Rfe7 37. Rf6 Bc2 38. Ra1 Bd3 39. b5 Rf7 40. Rd6 Rcd7 41. Rc6
Rc7 42. Be5 Rce7 43. Bf6 Rd7 44. Re1 Rc7 45. Re6 Rcd7 46. h3 Rb7 47. Kh2 Rbd7
48. g3 Bc2 49. gxf4 gxf4 50. Bd4 Rd5 51. R1xe4 Bxe4 52. Rxe4 Kg6 53. Re6+ Kf5
54. Rxh6 Ke4 55. h4 Kf3 56. Re6 Rh7 57. Kh3 Rdh5 58. Bf6 Kxf2 59. Kg4 f3 60. Bg5
Kg2 61. Rf6 f2 62. c4 f1=Q 63. Rxf1 Kxf1 64. c5 Rh8 65. Bf6 R8h6 66. Bg5 Rh8 67.
Bf6 R8h6 68. Bg5 1/2-1/2

[Event "ch-ISR"]
[Site "Haifa ISR"]
[Date "2010.11.17"]
[Round "8.5"]
[White "Zanan, Evgeny"]
[Black "Postny, Evgeny"]
[Result "0-1"]
[WhiteTitle "FM"]
[BlackTitle "GM"]
[WhiteElo "2207"]
[BlackElo "2604"]
[WhiteFideId "24101940"]
[BlackFideId "2804344"]
[EventDate "2010.11.08"]
[EventType "swiss"]

1. d4 d6 2. Nf3 g6 3. g3 Bg7 4. Bg2 c5 5. c4 cxd4 6. Nxd4 Qb6 7. e3 Nc6 8. Nxc6
bxc6 9. Nc3 Nf6 10. O-O O-O 11. Qc2 Rb8 12. b3 Bf5 13. Qe2 d5 14. Bb2 Qa6 15.
cxd5 Bd3 16. Qf3 cxd5 17. Rfe1 Ne4 18. Na4 e5 19. Qd1 Rfc8 20. f3 Ng5 21. Rc1
Rxc1 22. Bxc1 Rc8 23. e4 Bh6 24. Be3 d4 25. Bxg5 Bxg5 26. f4 exf4 27. Nb2 Bb5
28. a4 Bc6 29. Qg4 f3 30. Bxf3 Be3+ 31. Kh1 Qb7 32. Rf1 Bd7 33. Qh4 Qxb3 34. Nd1
Bxa4 35. Nxe3 dxe3 36. Qe7 Bb5 37. Rd1 Re8 38. Rd8 Qb1+ 39. Bd1 Qxd1+ 0-1

[Event "ch-ISR"]
[Site "Haifa ISR"]
[Date "2010.11.17"]
[Round "8.7"]
[White "Zaslavsky, Mikhail"]
[Black "Vydeslaver, Alik"]
[Result "1/2-1/2"]
[WhiteTitle "IM"]
[BlackTitle "IM"]
[WhiteElo "2424"]
[BlackElo "2388"]
[WhiteFideId "2807670"]
[BlackFideId "2801876"]
[EventDate "2010.11.08"]
[EventType "swiss"]

1. e4 c5 2. Nf3 e6 3. d4 cxd4 4. Nxd4 Nf6 5. Nc3 Nc6 6. Ndb5 Bb4 7. a3 Bxc3+ 8.
Nxc3 d5 9. exd5 exd5 10. Bd3 O-O 11. O-O d4 12. Ne4 Bf5 13. Bg5 Bxe4 14. Bxe4 h6
15. Bxf6 Qxf6 16. Qf3 Qxf3 17. Bxf3 Ne5 18. Be4 Rad8 19. Rfe1 b6 20. Rad1 Rfe8
21. Kf1 Kf8 22. b3 Ng4 23. Bf5 Nf6 24. Bd3 a5 25. Rxe8+ Kxe8 26. Bc4 Ke7 27.
Re1+ Kf8 28. Re5 Ng4 29. Rb5 Rd6 30. h3 Nf6 31. Ke2 Ne4 32. Re5 Nc3+ 33. Kd3 Nb1
34. a4 Nc3 35. Rf5 f6 36. Rf4 Nd1 37. Bb5 g5 38. Rf3 Ke7 1/2-1/2

[Event "ch-ISR"]
[Site "Haifa ISR"]
[Date "2010.11.17"]
[Round "8.8"]
[White "Galburd, Yan"]
[Black "Kantsler, Boris"]
[Result "0-1"]
[BlackTitle "GM"]
[WhiteElo "2322"]
[BlackElo "2440"]
[WhiteFideId "2808528"]
[BlackFideId "2805359"]
[EventDate "2010.11.08"]
[EventType "swiss"]

1. d4 d6 2. e4 Nf6 3. Nc3 g6 4. f4 Bg7 5. Nf3 O-O 6. Bd3 Na6 7. O-O c5 8. d5 Bg4
9. Bc4 Nd7 10. h3 Nb6 11. Be2 Bxf3 12. Bxf3 e6 13. dxe6 fxe6 14. e5 d5 15. Nb5
Qd7 16. Nd6 Nc8 17. Nxc8 Raxc8 18. c4 Rcd8 19. Qe2 dxc4 20. Qxc4 b5 21. Qb3 Nb4
22. Bg4 Nd5 23. a4 b4 24. h4 h5 25. Be2 Bh6 26. g3 Qc6 27. Bb5 Qb6 28. Bc4 Kg7
29. a5 Qc6 30. Rf2 Rf7 31. Qf3 Qc8 32. Rf1 Kh7 33. Qe4 Ne7 34. Be3 Nf5 35. Bf2
Nxh4 36. Rad1 Rxd1 37. Rxd1 Nf5 38. Rd6 Re7 39. Rc6 Qd7 40. Bd3 Qd8 41. Qc4 Bf8
42. Kh2 Nh6 43. Bxc5 Ng4+ 44. Kh3 Rg7 45. Bxf8 Qxf8 46. Qd4 Qe8 47. Be4 b3 48.
Kg2 Rd7 49. Rd6 Rc7 50. Kh3 Qe7 51. Bf3 Qf7 52. Bxg4 hxg4+ 53. Kh4 Qf5 0-1